00310nam a2200121Ia 4500008004100000040001600041041001200057082001600069100001600085245004400101260003200145300001100177230917s9999||||xx |||||||||||||| ||und|| e37981aMAIN aEnglish a954.02 S23V aSharma, G D 0aVakil reports Maharajgan (1693 1712 AD) aBarodabRadha Krishanc1986 a388 p.